Statistics for NBA's 50 Greatest Players From 1996

Click here to take the quiz!

General Stats

  • This quiz has been taken 41,282 times
    (41,164 since last reset)
  • The average score is 18 of 50

Answer Stats

Retired Team Answer % Correct
2003BullsMichael Jordan
99%
1992CelticsLarry Bird
77%
1996LakersMagic Johnson
76%
2011LakersShaquille O'Neal
76%
1973WarriorsWilt Chamberlain
69%
1989LakersKareem Abdul-Jabbar
67%
2003BullsScottie Pippen
67%
2004JazzKarl Malone
64%
1995RocketsMoses Malone
62%
1969CelticsBill Russell
62%
2003JazzJohn Stockton
56%
2002SpursDavid Robinson
53%
200076ersCharles Barkley
50%
1974LakersJerry West
50%
2002RocketsHakeem Olajuwon
49%
2002KnicksPatrick Ewing
48%
198776ersJulius Erving
47%
1994PistonsIsiah Thomas
47%
1974RoyalsOscar Robertson
42%
1970CelticsBob Cousy
40%
1998Trail BlazersClyde Drexler
39%
1993CelticsKevin McHale
38%
1994LakersJames Worthy
31%
1965HawksBob Pettit
30%
1997CelticsRobert Parish
29%
1975HawksLenny Wilkens
29%
1978CelticsJohn Havlicek
29%
1971LakersElgin Baylor
28%
1980JazzPete Maravich
27%
1987Trail BlazersBill Walton
26%
1956LakersGeorge Mikan
26%
1986SpursGeorge Gervin
23%
1969CelticsSam Jones
20%
1974KnicksWillis Reed
19%
1981BulletsWes Unseld
19%
1980WarriorsRick Barry
18%
1980KnicksWalt Frazier
18%
1981BulletsElvin Hayes
17%
1983CelticsDave Cowens
13%
1984KingsNate Archibald
12%
1980KnicksEarl Monroe
10%
1977WarriorsNate Thurmond
10%
1964NationalsDolph Schayes
9%
1974RoyalsJerry Lucas
9%
1962WarriorsPaul Arizin
8%
1974PistonsDave DeBusschere
7%
1978PistonsDave Bing
7%
197376ersHal Greer
7%
197676ersBilly Cunningham
6%
1961CelticsBill Sharman
5%

Score Distribution

Percentile by Number Answered

Percent of People with Each Score

Your Score History

You have not taken this quiz since the last reset